| 000 | 01225nam a2200349 i 4500 | ||
|---|---|---|---|
| 001 | 69493 | ||
| 003 | Mx-PuUPA | ||
| 005 | 20241029120241.0 | ||
| 008 | 220516s2008 sp a||||r|||| 00| 0 spa d | ||
| 017 | _aCU-556-2008 | ||
| 020 | _a9788484276517 | ||
| 040 |
_aMx-PuUPA _bspa _cMx-PuUPA _dMx-PuUPA _erda |
||
| 041 | 0 | _aspa | |
| 100 | 1 |
_912574 _aAriza, Javier, _d1968- _eautor |
|
| 245 | 1 | 4 |
_aLas imágenes del sonido : _buna lectura plurisensorial en el arte del siglo XX / _cJavier Ariza |
| 250 |
_a2a. edición / _bcorregida |
||
| 264 | 1 |
_aCuenca, España : _bUniversidad de Castilla-La Mancha, _c2008 |
|
| 300 |
_a262 páginas : _bilustraciones ; _c24 cm |
||
| 336 |
_2rdacontent _atexto _btxt |
||
| 337 |
_2rdamedia _asin medio _bn |
||
| 338 |
_2rdacarrier _avolumen _bnc |
||
| 490 | 0 |
_aColección Monografías ; _v39 |
|
| 600 | 1 | 4 |
_aMerz, Mario, _d1928 |
| 600 | 1 | 4 |
_aDuchamp, Marcel, _d1887 - 1968 |
| 650 | 7 |
_2armarc _aArte y música _xHistoria _ySiglo XX |
|
| 650 | 7 |
_2armarc _aArte y tecnología |
|
| 650 | 7 |
_2Armarc _aSonido |
|
| 942 |
_2ddc _cLI _h780.07 _iA696 |
||
| 999 |
_c69493 _d69493 |
||